| 000 | 02376nam a22002897a 4500 | ||
|---|---|---|---|
| 005 | 20190906095351.0 | ||
| 008 | 141111s1722 fr ||||frd||| 001 0 latsd | ||
| 040 |
_cSandra Yazo _dSandra Yazo |
||
| 041 | 0 | _alat | |
| 082 | 0 | 4 |
_220 _a262.9 |
| 092 | _aE10N045 | ||
| 100 | 1 |
_965784 _aBarbosa, Agostinho _d1590-1649 |
|
| 242 | 0 | 0 |
_aRecopilación de conceptos Apostólicos no tenidos en cuenta por el derecho común. Clasificados por orden alfabético y tomados de libros de autores reconocidos _cDe Agustín Barbosa _yspa |
| 245 | 1 | 0 |
_aSumma Apostolicarum decisionum, extra jus commune vagantium, quae ex variis approbatissimorum doctorum libris hucusque impressis, ... alphabetico ordine disponuntur _cAugustini Barbosae |
| 250 | _aEditio ultima aucta et recognita [Última edición, aumentada y corregida] | ||
| 260 |
_aLugduni [Lyon] (Francia) _bSumptibus Anisson, et Posuel [A expensas de Anisson y Posuel] _c1722 |
||
| 300 |
_a[10], 506, [81] páginas _c35 x 22 cm. |
||
| 500 | _aDetalles físicos: Encuadernación rígida en cartón forrado en cuero. Lomo con nervaduras sobre costuras y adornos en dorado. Tapas con raspaduras, deterioro en bordes y esquinas, suciedad en el cuero, notorio deterioro en tapa posterior, lomos con roturas. Conserva las guardas deterioradas, la delantera con restauración antigua. Portada impresa en una sola tinta con la marca tipográfica de los impresores. Índice inicial. Licencias y permisos. Resumen del privilegio real. Cenefas y remates. Mayúsculas capitales. Texto impreso dos columnas con varios tipos y tamaños de letra. Sumarios al inicio de cada concepto y párrafos numerados. Signaturas y reclamos. Cortes pintados. Papel muy manchado por humedad y oxidación de tintas y sucio. Perforaciones de insectos | ||
| 505 | 0 | _a733 conceptos de derecho canónico :"abbas" =abad a la palabra "usus" =uso | |
| 506 | _aConsulta en sala | ||
| 546 | _aTexto en latín | ||
| 650 | 7 |
_929726 _aDerecho canónico _xObras anteriores a 1800 |
|
| 650 | 7 |
_912710 _aDerecho canónico _vDiccionarios |
|
| 690 |
_aDerecho canónico _912710 |
||
| 856 | 4 | 1 |
_uhttp://books.google.com.co/books?id=ydJEAAAAcAAJ&printsec=frontcover&dq=Summa+Apostolicarum+decisionum&hl=es&sa=X&ei=f1diVJKKM4akgwS9t4II&ved=0CCQQ6AEwAQ#v=onepage&q=Summa%20Apostolicarum%20decisionum&f=false _zDisponible en línea |
| 942 |
_2LOCAL _cLIBRO _e1 _hE10N045 |
||
| 999 |
_c297687 _d297687 |
||